PRACTICAL ORGANIC CHEMISTRY (Record no. 8869)
[ view plain ]
| 000 -LEADER | |
|---|---|
| fixed length control field | 00411nam a22001577a 4500 |
| 003 - CONTROL NUMBER IDENTIFIER | |
| control field | OSt |
| 008 - FIXED-LENGTH DATA ELEMENTS--GENERAL INFORMATION | |
| fixed length control field | 200713b ||||| |||| 00| 0 eng d |
| 020 ## - INTERNATIONAL STANDARD BOOK NUMBER | |
| International Standard Book Number | 9780582442283 |
| 100 ## - MAIN ENTRY--PERSONAL NAME | |
| Personal name | MANN,FREDERICK GEORGE SAUNDERS,BERNARD CHARLES |
| 245 ## - TITLE STATEMENT | |
| Title | PRACTICAL ORGANIC CHEMISTRY |
| 250 ## - EDITION STATEMENT | |
| Edition statement | 4th |
| 260 ## - PUBLICATION, DISTRIBUTION, ETC. (IMPRINT) | |
| Place of publication, distribution, etc | Noida |
| Name of publisher, distributor, etc | Pearson |
| Date of publication, distribution, etc | 2009 |
| 300 ## - PHYSICAL DESCRIPTION | |
| Extent | 586 |
| 650 ## - SUBJECT ADDED ENTRY--TOPICAL TERM | |
| Topical term or geographic name as entry element | Pharmaceutical Organic Chemistry |
| 942 ## - ADDED ENTRY ELEMENTS (KOHA) | |
| Source of classification or shelving scheme | Dewey Decimal Classification |
| Koha item type | Text Books |
| Withdrawn status | Lost status | Source of classification or shelving scheme | Damaged status | Not for loan | Collection code | Home library | Current library | Date acquired | Source of acquisition | Currency | Cost, normal purchase price | Bill Number | Total Checkouts | Full call number | Acc. no. / Barcode | Date last seen | Actual Cost, discounted price | Bill Date | Koha item type | Date last borrowed |
|---|---|---|---|---|---|---|---|---|---|---|---|---|---|---|---|---|---|---|---|---|
| Dewey Decimal Classification | B.Pharma | PIET C-LIBRARY | PIET C-LIBRARY | 11/02/2020 | Kirti Prakashan | Indian Rup | 739.00 | IN6378 | 547 MAP | BP1323 | 13/07/2020 | 502.52 | 11/02/2020 | Reference Books | ||||||
| Dewey Decimal Classification | B.Pharma | PIET C-LIBRARY | PIET C-LIBRARY | 14/10/2023 | KIRTI PRAKSHAN | RUPEES | 840.00 | IN-1041 | 1 | 547 MAP | BP2294 | 25/10/2024 | 571.20 | 05/10/2023 | Text Books | 30/08/2024 | ||||
| Dewey Decimal Classification | B.Pharma | PIET C-LIBRARY | PIET C-LIBRARY | 14/10/2023 | KIRTI PRAKSHAN | RUPEES | 840.00 | IN-1041 | 1 | 547 MAP | BP2295 | 08/05/2025 | 571.20 | 05/10/2023 | Text Books | 30/04/2025 |